[Event "32nd Reykjavik Open 2017"]
[Site "Reykjavik"]
[Date "2017.04.23"]
[Round "6"]
[White "Beliavsky, Alexander G"]
[Black "Timmermans, Mark"]
[Result "1-0"]
[WhiteElo "2597"]
[BlackElo "2385"]
[Annotator "TA"]
[PlyCount "77"]
[EventDate "2017.??.??"]
[EventType "swiss"]
[EventCountry "ISL"]
[SourceTitle "playchess.com"]
[Source "ChessBase"]
[SourceQuality "1"]

{[%evp 24,77,31,0,62,48,70,68,63,72,77,63,77,63,107,106,187,193,204,156,150,148,152,158,157,138,190,163,269,246,1117,268,261,225,210,193,292,299,299,299,285,269,264,210,335,281,266,275,5197,3984,29995,29996,29995,29996,29996,29994]} 1. Nf3 Nf6 2. c4 e6 3. Nc3 d5 4. d4 dxc4 5. e4 Bb4 6. Bg5 c5 7. Bxc4 cxd4 8. Nxd4 Qa5 9. Bxf6 Bxc3+ 10. bxc3 Qxc3+ {D39: Queen's Gambit Declined: Ragozin Defence with 5 Bg5 dxc4} 11. Kf1 gxf6 12. Rc1 Qa5 13. Qg4 {LiveBook: 3 Games} Nc6 $146 ({Black should try} 13... Ke7 $11) (13... Qg5 14. Qxg5 fxg5 15. Bxe6 Nc6 16. Bxc8 Rxc8 17. h4 g4 18. Nf5 {½-½ (41) L'Ami,E (2606)-Van Wely,L (2658) playchess.com INT 2016}) 14. Nxc6 $1 $14 bxc6 15. Qg7 Rf8 16. Qxf6 Ba6 17. Bxa6 Qxa6+ 18. Kg1 Rd8 19. h4 {[%cal Bh2h4,Bh4h5][%mdl 32]} Rg8 {[#]} (19... Qe2 $16 {was necessary.}) 20. Rh3 $1 $18 Rg6 21. Qc3 ({But not} 21. Qh8+ $6 Ke7 22. Qc3 (22. Qxh7 Qe2 $11) 22... Qb6 $16) 21... Qe2 22. Qxc6+ Kf8 23. Qc5+ Kg8 24. h5 Rg4 (24... Rg7 $16) 25. Qc7 Rd1+ (25... Qd2 $142 26. Rcc3 h6) 26. Rxd1 Qxd1+ {[%mdl 4096] Endgame KQR-KQR} 27. Kh2 h6 28. Rf3 ({Weaker is} 28. Qxa7 Qd6+ 29. g3 Qd3 $11) 28... Rg7 29. Qxa7 Qd6+ (29... Qf1 $142 30. Qa8+ Kh7) 30. g3 Qe5 31. Qa8+ Kh7 32. Kg2 Qxh5 33. a4 {[%cal Ba2a4,Ba4a5][%mdl 32]} Qg4 (33... Qe5 {was called for.} 34. a5 Qc7) 34. Rd3 h5 35. Rd8 e5 $2 {[#]} (35... Kg6 36. Rh8 Rh7 37. Qg8+ Rg7) 36. a5 f5 37. Rh8+ {White mates.} Kg6 38. Qe8+ Kg5 39. f3 1-0

[Event "32nd Reykjavik Open 2017"]
[Site "Reykjavik"]
[Date "2017.04.23"]
[Round "6"]
[White "Can, Emre"]
[Black "Tarjan, James E"]
[Result "1-0"]
[WhiteElo "2578"]
[BlackElo "2414"]
[Annotator "TA"]
[PlyCount "59"]
[EventDate "2017.??.??"]
[EventType "swiss"]
[EventCountry "ISL"]
[SourceTitle "playchess.com"]
[Source "ChessBase"]
[SourceQuality "1"]

{[%evp 14,59,16,11,13,5,20,14,12,11,27,14,24,7,20,31,52,25,20,31,71,83,87,94,117,53,108,90,100,89,100,73,204,215,209,141,141,144,189,189,221,168,559,555,560,559,553,552]} 1. d4 d5 2. c4 e6 3. Nf3 Nf6 4. g3 Bb4+ 5. Bd2 {E01: Catalan: Early deviations} Bd6 (5... Be7 6. Bg2 O-O 7. O-O Nbd7 8. Qc2 Ne4 9. Bf4 c6 10. Nc3 g5 11. Bc1 f5 12. b3 b6 13. Bb2 Bb7 14. Rad1 Qe8 15. Nd2 Nd6 16. Ba3 Rc8 17. Rfe1 Nf7 18. Qb2 {½-½ (30) So,W (2822)-Nakamura,H (2793) Saint Louis 2017}) 6. Nc3 O-O 7. Qc2 c5 8. cxd5 {LiveBook: 3 Games} exd5 9. Bg2 Nc6 10. dxc5 Bxc5 11. O-O h6 12. Rad1 Qe7 $146 (12... Bg4) 13. Bf4 Rd8 14. Na4 Bb6 15. Nxb6 axb6 16. Be3 Ra6 17. a3 Ne4 18. Nd4 $36 {[%cal Bf3d4,Bd4c2,Bc2e3,Be3d5,Bd5f6][%mdl 2080] White is in control.} Bd7 19. Qb3 (19. Bxe4 $16 dxe4 20. Nb5) 19... Bg4 ({Black should play} 19... Nxd4 $14 20. Rxd4 Bc6) 20. Rfe1 Nf6 21. Nc2 Bf5 22. Bd4 Na5 {[#]} (22... Nxd4 $16 23. Nxd4 Bd7) 23. Qb4 $1 $18 {[%cal Rb4e7]} Qe6 24. Ne3 {Hoping for Bxf6.} Nc6 25. Qb3 Nxd4 26. Rxd4 Bh3 27. Nxd5 Kh8 $2 (27... Bxg2 {is tougher.} 28. Nxf6+ Qxf6 29. Rxd8+ Qxd8) 28. Bxh3 {White is clearly winning.} Qxh3 {[#]} 29. Nxf6 $1 {[%cal Rd4d8][%mdl 512]} Rxd4 (29... gxf6 30. Rxd8+) 30. Qxf7 1-0

[Event "32nd Reykjavik Open 2017"]
[Site "Reykjavik"]
[Date "2017.04.23"]
[Round "6"]
[White "Stefansson, Hannes"]
[Black "Guramishvili, Sopiko"]
[Result "0-1"]
[WhiteElo "2566"]
[BlackElo "2363"]
[Annotator "TA"]
[PlyCount "36"]
[EventDate "2017.??.??"]
[EventType "swiss"]
[EventCountry "ISL"]
[SourceTitle "playchess.com"]
[Source "ChessBase"]
[SourceQuality "1"]

{[%evp 1,1,-1]} 1. c4 e5 $146 (1... e6 2. Nc3 Nf6 3. d4 Bb4 4. Nf3 c5 5. a3 Bxc3+ 6. bxc3 O-O 7. e3 b6 8. Bd3 Ba6 9. O-O Nc6 10. Bb2 Na5 11. Qe2 Rc8 12. Nd2 d5 13. cxd5 Bxd3 14. Qxd3 exd5 15. f3 cxd4 16. cxd4 Nc4 17. Bc3 Re8 18. Rfe1 Re6 19. e4 dxe4 20. fxe4 Ne5 {½-½ (46) Chima,R (2141)-Bonte,A (2325) Calimanesti Caciulata 2017}) 2. Nc3 Nc6 3. g3 g6 4. Bg2 Bg7 5. e3 d6 6. Nge2 h5 7. h3 h4 {A25: English Opening vs King's Indian with ...Nc6 but without early d3} (7... f5 8. d4 h4 9. dxe5 hxg3 10. exd6 gxf2+ 11. Kxf2 cxd6 12. Nf4 Nge7 13. Nb5 Be5 14. c5 dxc5 15. Qxd8+ Nxd8 {1-0 (35) Bocharov,D (2560)-Ivanchuk,V (2726) Berlin 2015}) 8. g4 f5 9. gxf5 gxf5 10. d4 Nf6 11. Bxc6+ $146 (11. Qb3 Bd7 12. Bd2 Na5 13. Qb4 Nc6 14. Qb3 Na5 15. Qb4 {1-0 (35) Waldmann,H (2304)-Syre,C (2241) Germany 2015}) 11... bxc6 12. dxe5 dxe5 13. Qxd8+ Kxd8 14. b3 Ke7 15. Bb2 Rd8 16. Na4 Ne4 17. f3 Ng3 18. f4 Nxh1 0-1

[Event "32nd Reykjavik Open 2017"]
[Site "Reykjavik"]
[Date "2017.04.23"]
[Round "6"]
[White "Ramirez, Alejandro"]
[Black "Henderson de La Fuente, Lance"]
[Result "1-0"]
[WhiteElo "2555"]
[BlackElo "2372"]
[Annotator "TA"]
[PlyCount "63"]
[EventDate "2017.??.??"]
[EventType "swiss"]
[EventCountry "ISL"]
[SourceTitle "playchess.com"]
[Source "ChessBase"]
[SourceQuality "1"]

{[%evp 11,63,23,20,9,29,9,9,-5,16,19,19,14,38,21,25,12,27,-4,20,48,15,0,26,0,98,103,84,128,134,154,84,77,256,248,245,232,274,228,247,234,233,243,431,414,420,345,445,438,433,400,377,270,683,680]} 1. c4 c5 2. g3 Nc6 3. Bg2 g6 4. Nc3 Bg7 5. d3 e5 6. h4 {A36: Symmetrical English vs ...g6: 4 Bg2 Bg7} (6. b3 d6 7. Bb2 Nh6 8. e3 O-O 9. Nge2 Nf5 10. Qd2 h5 11. h3 Bd7 12. Nd5 Rb8 13. Nec3 a6 {1-0 (24) Rakhmanov,A (2662)-Domogaev,S (2435) Sochi 2016}) 6... h6 {LiveBook: 3 Games} 7. Bd2 $146 (7. a3 d6 8. Rb1 a5 9. Bd2 Nge7 10. Nf3 O-O 11. Qc1 Kh7 12. h5 g5 13. Bxg5 hxg5 14. Nxg5+ {½-½ (32) Abasov,N (2465)-Cornejo,M (2370) Richardson 2013}) 7... Nge7 8. h5 {White has an edge.} g5 9. f4 gxf4 10. gxf4 d6 11. Nf3 Bg4 12. Qa4 Qd7 13. O-O-O O-O-O 14. Rdg1 Rhg8 15. fxe5 dxe5 16. Be3 b6 17. Nd2 {aiming for Bxc6.} Be6 (17... f5 $11) 18. Nb5 $16 Kb8 19. Nb3 Nd4 {[#]} 20. N3xd4 $1 cxd4 {[#]} 21. Bd2 $1 $36 {[%cal Be3d2,Bd2e1,Be1h4,Bh4f6][%mdl 2080] White is in control.} Nc8 $2 (21... Bf6 $16) 22. Qa6 $18 Bf8 23. Bf3 Rh8 24. Be1 Nd6 25. Bh4 Rc8 26. Bf6 $1 {[%csl LRe5,LRh8]} Nxb5 $2 (26... e4) 27. Bxh8 Bd6 28. Bf6 e4 29. Bxe4 Bf4+ 30. Kb1 Nd6 31. Bf3 Nf5 $2 (31... Bxc4 32. dxc4 Qf5+ 33. Ka1 Qxf6) 32. Rg4 1-0

[Event "32nd Reykjavik Open 2017"]
[Site "Reykjavik"]
[Date "2017.04.23"]
[Round "6"]
[White "Ziska, Helgi Dam"]
[Black "Pfreundt, Jakob"]
[Result "1/2-1/2"]
[WhiteElo "2553"]
[BlackElo "2392"]
[Annotator "TA"]
[PlyCount "54"]
[EventDate "2017.??.??"]
[EventType "swiss"]
[EventCountry "ISL"]
[SourceTitle "playchess.com"]
[Source "ChessBase"]
[SourceQuality "1"]

{[%evp 15,54,-35,-34,-40,-34,-44,-47,-66,-66,-72,-47,-37,-27,-27,-29,-37,-23,-23,-32,-22,-29,-35,-30,-25,-36,-33,-25,-27,0,0,0,0,0,0,8,0,0,0,0,0,3]} 1. e4 e5 2. Nc3 Nf6 3. Bc4 Nxe4 4. Qh5 Nd6 5. Bb3 Be7 6. Nf3 Nc6 7. Nxe5 g6 {C27: Vienna Game: 2...Nf6 3 Bc4 Nxe4} 8. Qe2 Nd4 {LiveBook: 9 Games} 9. Qd1 (9. Qd3 Nxb3 10. axb3 O-O 11. O-O Bf6 12. Nf3 Nf5 13. Re1 Bg7 14. b4 b6 15. b3 {½-½ (28) Shanava,K (2563)-Mchedlishvili,M (2637) Tbilisi 2013}) 9... Bf6 {Black is slightly better.} 10. Ng4 $146 (10. Nf3 Qe7+ 11. Kf1 c6 12. Nxd4 Bxd4 13. Qe2 Be5 14. Nd1 a5 15. c3 {0-1 (70) Dancevski,O (2335)-Levin,F (2440) Kecskemet 1991}) 10... Bg7 11. O-O O-O $1 12. Ne3 c6 13. Ne2 N6b5 14. Nxd4 Nxd4 15. c3 Nxb3 16. axb3 d5 17. d4 Re8 18. b4 a6 19. Re1 Bd7 20. Nf1 Qh4 21. Be3 Bg4 22. Qd2 {[#] Strongly threatening Bg5.The position is equal.} h6 23. Bf4 Bf8 24. Bg3 Qg5 25. Bf4 Qh4 26. Bg3 Qg5 27. Bf4 Qh4 1/2-1/2

[Event "32nd Reykjavik Open 2017"]
[Site "Reykjavik"]
[Date "2017.04.23"]
[Round "6"]
[White "Hjartarson, Johann"]
[Black "Aradhya, Garg"]
[Result "1-0"]
[WhiteElo "2536"]
[BlackElo "2315"]
[Annotator "TA"]
[PlyCount "75"]
[EventDate "2017.??.??"]
[EventType "swiss"]
[EventCountry "ISL"]
[SourceTitle "playchess.com"]
[Source "ChessBase"]
[SourceQuality "1"]

{[%evp 27,75,41,36,25,29,18,30,21,15,14,65,37,54,49,46,53,49,0,4,8,8,5,0,5,6,0,70,0,8,11,12,18,162,31,181,184,166,60,62,22,49,55,88,81,538,533,505,496,29998,29999]} 1. d4 d5 2. c4 c6 3. Nc3 Nf6 4. e3 g6 5. Nf3 Bg7 6. Bd3 O-O 7. O-O Bg4 8. h3 Bxf3 9. Qxf3 dxc4 10. Bxc4 Nbd7 11. Rd1 e5 12. d5 e4 13. Nxe4 Nxe4 14. Qxe4 Nb6 15. Bb3 {D94: Grünfeld: 4 Nf3 Bg7 5 e3} cxd5 16. Bxd5 Re8 (16... Nxd5 17. Rxd5 Qb6 18. Qd3 Rfd8 19. e4 Bd4 20. Be3 Bxe3 21. fxe3 {½-½ (21) Buhmann,R (2641)-Ragger,M (2686) Vienna 2016}) 17. Qf3 {White has an edge.} (17. Qb4 $5 {feels hotter.} Nxd5 18. Qxb7 Re5 19. e4 Rxe4 20. Bg5) 17... Nxd5 18. Rxd5 Qe7 (18... Qc7 $11) 19. Bd2 $146 (19. Rb1 Rac8 20. b3 Rc2 21. a4 Bc3 22. Qd1 Qe4 {1-0 (74) Marin,M (2475)-Flear,G (2480) Szirak 1987}) 19... Bxb2 20. Rb1 Bg7 21. Ra5 Reb8 22. e4 Re8 23. e5 b6 24. Rxb6 axb6 25. Rxa8 {next Qd5 is good for White.} Bxe5 26. Be3 Bc7 (26... b5 $11) 27. g4 ({White should try} 27. g3 $14) 27... Rxa8 28. Qxa8+ Qd8 29. Qc6 Qd1+ 30. Kg2 Bd8 {[#]} ({Better is} 30... Qd8 $1 $14) 31. Bh6 $1 $18 {[%cal Rc6e8]} ({And not} 31. Bxb6 Bxb6 32. Qxb6 Qd5+ 33. Kh2 Qxa2 $11) 31... Qe1 {[#]} 32. Qa8 (32. Qd7 $1 $18 {[%cal Rd7d8]} Qe4+ 33. Kg3) 32... Qe7 $1 $14 33. Be3 {aiming for Bxb6.} Kg7 34. Bd4+ Kh6 35. Qc6 Qc7 $2 {[%mdl 8192] [#]} (35... Qe6 $16 {is a better chance.} 36. Qxe6 fxe6) 36. g5+ $1 $18 {[%mdl 512]} Kxg5 (36... Bxg5 37. Qxc7) 37. Be3+ Kh5 (37... Kf5 $18 38. Qd5+ Qe5 39. Qxd8 Qe4+ 40. Kh2 Qe5+ 41. Kg2 Qe4+ 42. Kh2 Qe5+ 43. Kg2) 38. Qf3+ 1-0

[Event "32nd Reykjavik Open 2017"]
[Site "Reykjavik"]
[Date "2017.04.23"]
[Round "6"]
[White "Harika, Dronavalli"]
[Black "Stefansson, Vignir Vatnar"]
[Result "1-0"]
[WhiteElo "2521"]
[BlackElo "2341"]
[Annotator "TA"]
[PlyCount "75"]
[EventDate "2017.??.??"]
[EventType "swiss"]
[EventCountry "ISL"]
[SourceTitle "playchess.com"]
[Source "ChessBase"]
[SourceQuality "1"]

{[%evp 19,75,12,22,6,10,2,16,4,15,4,7,20,61,61,64,55,58,51,54,43,126,119,116,119,134,134,132,131,191,63,65,61,133,130,188,133,163,177,172,152,206,224,260,220,213,0,241,257,419,405,417,443,450,418,917,917,944,936]} 1. d4 e6 2. e4 d5 3. Nd2 c5 4. Ngf3 Nc6 5. exd5 Qxd5 6. Bc4 Qd8 7. Nb3 {C07: French Tarrasch: 3...c5, 4 Ngf3 and 4 exd5 Qxd5} cxd4 8. Nfxd4 Nxd4 9. Qxd4 Qxd4 10. Nxd4 Bd7 {LiveBook: 5 Games} 11. c3 (11. Bf4 Rc8 12. Bb3 Bc5 13. O-O-O Nf6 14. f3 {½-½ (53) Navara,D (2708)-Riazantsev,A (2692) Saint-Quentin 2014}) 11... Rc8 12. Be2 Bc5 13. Nb3 $146 (13. Bf3 Bxd4 14. cxd4 Bc6 {1-0 (33) Klein,J (2150)-Steinheimer,J (2195) Germany 1998}) 13... Bb6 14. a4 {[%cal Ba2a4,Ba4a5,Ba5a6][%mdl 32]} Bc6 15. a5 Bd8 16. a6 $36 {[%mdl 2048] Black is under pressure.} b6 17. Nd4 Ne7 18. O-O O-O 19. Rd1 e5 (19... Bc7 $14) 20. Nb5 Bxb5 21. Bxb5 Bc7 22. Bd7 Rb8 23. Bg5 Nc8 (23... Ng6 $16) 24. Rd5 (24. Bc6 $18) 24... h6 $1 $14 {[%cal Rh6g5]} 25. Be3 Ne7 ({Black should try} 25... Rd8 $14) 26. Rd2 $16 Rfd8 (26... Kh7 $16 {might work better.}) 27. Rad1 (27. Ra4 $1 $18 {[%cal Ra4c4] Threatens to win with Rc4.} b5 28. Rb4) 27... Kf8 {[#]} 28. c4 $1 f5 {[#] Strongly threatening ...f4.} 29. f3 $1 f4 (29... Kf7 $16 30. b4 Kf8) 30. Bf2 $18 Ng6 31. Bb5 Ne7 32. Bd7 Ng6 $1 33. Ba4 Ne7 $2 (33... Rxd2 34. Rxd2 e4) 34. Rd7 Rxd7 35. Rxd7 ({Less strong is} 35. Bxd7 Rd8 $16) 35... Rc8 36. c5 Bd8 (36... Kf7 $142 37. Bb3+ Kf6) 37. Rxa7 bxc5 38. Rb7 1-0

[Event "32nd Reykjavik Open 2017"]
[Site "Reykjavik"]
[Date "2017.04.23"]
[Round "6"]
[White "Panchanathan, Magesh Chandran"]
[Black "Abrahamyan, Tatev"]
[Result "1-0"]
[WhiteElo "2494"]
[BlackElo "2364"]
[Annotator "TA"]
[PlyCount "103"]
[EventDate "2017.??.??"]
[EventType "swiss"]
[EventCountry "ISL"]
[SourceTitle "playchess.com"]
[Source "ChessBase"]
[SourceQuality "1"]

{[%evp 12,103,20,-5,27,0,0,0,0,0,36,18,18,0,0,0,12,-31,-22,-30,-29,-85,-21,-34,-34,-27,-25,-22,-18,-46,87,84,91,99,100,100,91,96,95,95,108,107,169,158,189,178,163,58,56,53,56,46,59,59,116,50,86,51,106,101,129,127,125,115,109,76,76,67,88,68,229,59,84,81,113,29,37,0,80,81,81,78,81,81,268,195,281,256,1217,1135,5501,5021,29995,29996]} 1. d4 Nf6 2. Nf3 e6 3. g3 b6 4. Bg2 Bb7 5. O-O Be7 6. c4 O-O 7. Bf4 c5 {E17: Queen's Indian: 4 g3 Bb7 5 Bg2 Be7} (7... d6 8. Nc3 Ne4 9. Rc1 Bf6 10. Nxe4 Bxe4 11. Qb3 Qe7 12. Rfd1 e5 13. dxe5 dxe5 14. Be3 Nc6 15. c5 Rad8 16. cxb6 cxb6 {1-0 (53) Laznicka,V (2676)-Lysyj,I (2671) Poikovsky 2015}) 8. Nc3 cxd4 9. Nxd4 Bxg2 $1 {The position is equal.} 10. Kxg2 a6 11. Qd3 d6 {Hoping for ...e5.} 12. Nf3 $146 (12. Bg5 Qc7 13. Qf3 Ra7 14. b3 Rc8 15. Rac1 Nc6 16. Nxc6 Qxc6 {½-½ (63) Votava,J (2511)-Carlsson,P (2401) Santa Cruz de la Palma 2005}) 12... Qc7 13. Rfd1 {[%cal Rf4d6]} Rd8 (13... Nbd7 $6 14. Bxd6 Bxd6 15. Qxd6 Qxc4 16. e4 $16) 14. Rd2 Nc6 15. Rad1 h6 16. h3 (16. e4 $11 {keeps the balance.}) 16... Rac8 (16... g5 $1 $17 {[%cal Rg5f4]} 17. Be3 Ne5 18. Nxe5 dxe5) 17. Ne4 $11 Ne5 18. Nxf6+ Bxf6 19. Bxe5 $1 dxe5 20. Qc2 e4 (20... Rxd2 $15 {stays ahead.} 21. Nxd2 Qd6) 21. Rxd8+ $16 (21. Qxe4 $6 Rxd2 22. Rxd2 Qxc4 $11) 21... Rxd8 22. Rxd8+ Qxd8 23. Qxe4 Bxb2 24. Qb7 {Threatens to win with c5.} Bf6 25. Qxa6 Qc7 26. Qb5 Kh7 (26... g5 $16) 27. a4 $1 $18 Bc3 28. e3 $1 (28. Qb3 $6 Bf6 $14) 28... Qd6 29. e4 (29. c5 $18 Qxc5 30. Qd7) 29... Qc7 $1 $14 30. h4 {[%cal Bh3h4,Bh4h5][%mdl 32]} g6 31. h5 g5 32. Qb3 Ba1 (32... Bg7 $14) 33. Qb1 (33. Nh2 $1 $16) 33... Bc3 34. Qd3 Ba1 (34... Bg7 $14) 35. Nh2 $1 $16 Qc6 36. Qf3 $1 {[%cal Rf3f7]} Qc7 37. Ng4 Kg7 38. Kh2 (38. a5 $6 bxa5 39. c5 Qxc5 40. Nxh6 f5 41. exf5 Kxh6 $15) 38... Qc6 39. Qd1 Bb2 40. Qe2 Bd4 $2 {[#]} ({Black should try} 40... Bf6 $1 $14) 41. Qd3 $2 ({White has to play} 41. e5 $1 $18) 41... Qc5 42. Kg2 Bb2 43. Qb3 (43. Qe2 $16 Be5 44. Nxe5 Qxe5 45. Qe3) 43... Bd4 $11 44. Qd3 Bb2 $1 (44... f5 45. exf5 exf5 46. Ne3 Bxe3 47. Qxe3 (47. fxe3 Qc6+ 48. Kf2 Qxa4 $16) 47... Qc6+ 48. Qf3 $18) 45. Qf3 {Black must now prevent Nxh6!} Qc7 46. Qb3 $36 {[%mdl 2048] White is really pushing.} Bd4 {[#]} 47. e5 $1 {[%mdl 512]} Ba1 $2 ({Don't go for} 47... Bxe5 $2 48. Nxe5 Qxe5 49. Qxb6 $18) (47... Qc5 $16 {might work better.}) 48. Kh2 Qc6 (48... Bd4 {was worth a try.} 49. f4 gxf4) 49. Qe3 $18 Qxc4 $2 (49... Bb2 50. Qb3 (50. Qd3 Qc5 $16) 50... Ba1) 50. Qf3 Kf8 51. Nxh6 {[%csl Gh6][%cal Rf3f7]} Qc7 52. Qa8+ 1-0

[Event "32nd Reykjavik Open 2017"]
[Site "Reykjavik"]
[Date "2017.04.23"]
[Round "6"]
[White "Liang, Awonder"]
[Black "Yilmaz, Mustafa"]
[Result "1/2-1/2"]
[WhiteElo "2483"]
[BlackElo "2614"]
[Annotator "TA"]
[PlyCount "61"]
[EventDate "2017.??.??"]
[EventType "swiss"]
[EventCountry "ISL"]
[SourceTitle "playchess.com"]
[Source "ChessBase"]
[SourceQuality "1"]

{[%evp 17,61,20,13,7,8,0,0,0,0,0,0,0,0,-20,6,-45,-52,-69,-72,-71,-82,-73,-54,-126,-127,-120,-113,-93,-64,-68,-63,-113,-8,-6,0,0,0,0,0,0,0,0,0,0,0,-3]} 1. e4 c5 2. Nf3 d6 3. Bb5+ Nd7 4. O-O a6 5. Bd3 {B51: Sicilian: Moscow Variation (3 Bb5+) without 3...Bd7} Ngf6 6. Re1 e6 7. c3 b5 8. Bc2 c4 9. a4 Bb7 {LiveBook: 15 Games} 10. axb5 axb5 11. Rxa8 Qxa8 12. Na3 Be7 (12... Nxe4 13. Nxb5 Qa5 14. Na3 $16 (14. Bxe4 Qxb5 15. Nd4 Qb6 $11)) 13. Nxb5 {Black must now prevent Nc7+.} O-O $146 14. Qe2 Rc8 15. Nbd4 g6 ({Much weaker is} 15... Ne5 $6 16. Nxe5 dxe5 17. Nf3 $14) 16. b4 ({White should try} 16. d3 $11) 16... cxb3 $15 17. Nxb3 Qa2 $1 {[%cal Ra2c2]} 18. Qd1 e5 19. h3 Bf8 20. Ng5 (20. Re2 $15) 20... d5 $17 21. d4 Rxc3 22. Re2 dxe4 {Strongly threatening ...Ba6.} 23. dxe5 Nxe5 24. Bf4 {[#]} ({But not} 24. Bxe4 $2 Qxb3 25. Qxb3 Rxb3 $19) 24... Nc6 (24... Ned7 $1 $17 {aiming for ...h6.} 25. Rd2 {[#]} Rxc2 $1 {[%mdl 512]} 26. Qxc2 Qxc2 27. Rxc2 h6 28. Nxf7 Kxf7) 25. Nc1 $132 {[%mdl 2048] The position is equal. White has counterplay (3)} Qd5 {Hoping for ...Nb4.} 26. Nxe4 Qxd1+ 27. Bxd1 Nxe4 28. Rxe4 Nb4 29. Re8 Rc8 30. Rxc8 Bxc8 31. Bf3 1/2-1/2